[Event "FIN-ch Seniors 65 2020"]
[Site "Helsinki"]
[Date "2020.09.26"]
[Round "5.3"]
[White "Tiensuu, Seppo"]
[Black "Karppinen, Martti"]
[Result "0-1"]
[WhiteElo "1412"]
[BlackElo "1878"]
[Annotator "NA"]
[PlyCount "133"]
[EventDate "2020.09.24"]
[EventType "swiss"]
[EventCountry "FIN"]
[SourceTitle "playchess.com"]
[Source "ChessBase"]
[SourceQuality "1"]
[TimeControl "40/5400+30:1800+30"]

1. e4 {[%emt 0:00:00]} c5 {[%emt 0:00:07]} 2. Nf3 {[%emt 0:00:00]} Nc6 {[%emt 0:00:13]} 3. Bc4 {[%emt 0:02:19]} d6 {[%emt 0:02:41]} 4. O-O {[%emt 0:02:06]} Nf6 {[%emt 0:00:36]} 5. Re1 {[%emt 0:00:39]} a6 {[%emt 0:04:29]} 6. a4 {[%emt 0:00:44]} Bg4 {[%emt 0:01:57]} 7. c3 {[%emt 0:00:35]} Qa5 {[%emt 0:02:59]} 8. d3 {[%emt 0:04:26]} Bxf3 {[%emt 0:14:10]} 9. Qxf3 {[%emt 0:00:17]} Ne5 {[%emt 0:01:14]} 10. Qh3 {[%emt 0:06:21]} b5 {[%emt 0:08:00]} 11. Bd5 {[%emt 0:08:44]} Nxd5 {[%emt 0:03:00]} 12. exd5 {[%emt 0:00:12]} c4 {[%emt 0:05:40]} 13. dxc4 {[%emt 0:05:06]} bxc4 {[%emt 0:01:36]} 14. Nd2 {[%emt 0:03:11]} Qc7 {[%emt 0:01:10]} 15. Re4 {[%emt 0:01:40]} a5 {[%emt 0:06:42]} 16. f4 {[%emt 0:00:34]} Qc5+ {[%emt 0:03:29]} 17. Rd4 {[%emt 0:03:15]} Nd3 {[%emt 0:01:20]} 18. Nxc4 {[%emt 0:00:39]} Nxc1 {[%emt 0:02:01]} 19. Rxc1 {[%emt 0:00:13]} g6 {[%emt 0:00:50]} 20. Nxd6+ {[%emt 0:06:05]} Qxd6 {[%emt 0:00:59]} 21. Rc4 {[%emt 0:00:39]} f5 {[%emt 0:02:03]} 22. Qf3 {[%emt 0:03:32]} Bh6 {[%emt 0:03:19]} 23. g3 {[%emt 0:03:33]} Qb6+ {[%emt 0:01:13]} 24. Kf1 {[%emt 0:01:33]} O-O {[%emt 0:01:24]} 25. Qe2 {[%emt 0:02:05]} Rfe8 {[%emt 0:01:45]} 26. Rc6 {[%emt 0:06:16]} Qb3 {[%emt 0:01:33]} 27. Qb5 {[%emt 0:12:16]} Rab8 {[%emt 0:05:58]} 28. Rb6 {[%emt 0:02:36]} Qxb5+ {[%emt 0:02:38]} 29. Rxb5 {[%emt 0:00:15]} Kf7 {[%emt 0:03:48]} 30. Rc2 {[%emt 0:00:48]} Rxb5 {[%emt 0:01:10]} 31. axb5 {[%emt 0:00:15]} Bg7 {[%emt 0:00:22]} 32. b3 {[%emt 0:00:51]} Rc8 {[%emt 0:00:22]} 33. c4 {[%emt 0:00:13]} Bd4 {[%emt 0:00:17]} 34. Ke2 {[%emt 0:01:55]} Ke8 {[%emt 0:01:29]} 35. Kd3 {[%emt 0:01:01]} Bc5 {[%emt 0:00:15]} 36. Ra2 {[%emt 0:00:48]} Ra8 {[%emt 0:01:37]} 37. Kc3 {[%emt 0:05:19]} Ra7 {[%emt 0:00:48]} 38. Kd3 {[%emt 0:01:15]} Kd7 {[%emt 0:00:16]} 39. Ra4 {[%emt 0:03:32]} e6 {[%emt 0:01:18]} 40. dxe6+ {[%emt 0:00:42]} Kxe6 {[%emt 0:00:10]} 41. Ra2 {[%emt 0:30:15]} Rd7+ {[%emt 0:30:27]} 42. Ke2 {[%emt 0:00:42]} Bb4 {[%emt 0:01:07]} 43. Rc2 {[%emt 0:01:27]} Kd6 {[%emt 0:01:52]} 44. Kf3 {[%emt 0:00:42]} Kc5 {[%emt 0:00:13]} 45. Ke2 {[%emt 0:01:06]} Re7+ {[%emt 0:00:36]} 46. Kd3 {[%emt 0:00:29]} Re1 {[%emt 0:01:07]} 47. Ra2 {[%emt 0:01:06]} Rb1 {[%emt 0:00:39]} 48. Kc2 {[%emt 0:00:16]} Rf1 {[%emt 0:13:01]} 49. Kd3 {[%emt 0:11:57]} Rf3+ {[%emt 0:00:00]} 50. Kc2 {[%emt 0:00:00]} Rf2+ {[%emt 0:00:00]} 51. Kb1 {[%emt 0:00:00]} Rxa2 {[%emt 0:00:00]} 52. Kxa2 {[%emt 0:00:00]} Kb6 {[%emt 0:00:00]} 53. Kb2 {[%emt 0:00:00]} Bc5 {[%emt 0:00:00]} 54. Kc3 {[%emt 0:00:00]} h5 {[%emt 0:00:00]} 55. h3 {[%emt 0:00:00]} Bf2 {[%emt 0:00:00]} 56. g4 {[%emt 0:00:00]} hxg4 {[%emt 0:00:07]} 57. hxg4 {[%emt 0:00:00]} fxg4 {[%emt 0:00:09]} 58. Kd3 {[%emt 0:00:00]} Kc5 {[%emt 0:01:10]} 59. Ke2 {[%emt 0:00:00]} Bg1 {[%emt 0:00:16]} 60. Kf1 {[%emt 0:00:00]} Be3 {[%emt 0:00:11]} 61. Kg2 {[%emt 0:00:00]} Bxf4 {[%emt 0:00:07]} 62. Kf2 {[%emt 0:00:00]} Bc7 {[%emt 0:00:11]} 63. Kg2 {[%emt 0:00:00]} Kb4 {[%emt 0:00:09]} 64. Kf1 {[%emt 0:00:00]} Bb6 {[%emt 0:00:23]} 65. Kg2 {[%emt 0:00:00]} Kxb3 {[%emt 0:00:12]} 66. c5 {[%emt 0:08:30]} Bc7 67. b6 0-1

[Event "FIN-ch Seniors 65 2020"]
[Site "Helsinki"]
[Date "2020.09.26"]
[Round "5.4"]
[White "Jarnstrom, Henrik"]
[Black "Virtanen, Esko"]
[Result "1/2-1/2"]
[WhiteElo "1696"]
[BlackElo "1739"]
[Annotator "NA"]
[PlyCount "127"]
[EventDate "2020.09.24"]
[EventType "swiss"]
[EventCountry "FIN"]
[SourceTitle "playchess.com"]
[Source "ChessBase"]
[SourceQuality "1"]
[TimeControl "40/5400+30:1800+30"]

1. e4 {[%emt 0:00:00]} d5 {[%emt 0:00:00]} 2. exd5 {[%emt 0:00:00]} Qxd5 {[%emt 0:00:00]} 3. Nc3 {[%emt 0:00:00]} Qa5 {[%emt 0:00:06]} 4. d4 {[%emt 0:00:02]} c6 {[%emt 0:00:06]} 5. Be3 {[%emt 0:00:19]} Nf6 {[%emt 0:00:33]} 6. Nf3 {[%emt 0:01:22]} Bg4 {[%emt 0:00:06]} 7. h3 {[%emt 0:01:32]} Bh5 {[%emt 0:00:25]} 8. Bd3 {[%emt 0:00:43]} Nbd7 {[%emt 0:03:29]} 9. Qe2 {[%emt 0:00:37]} e6 {[%emt 0:06:42]} 10. Bd2 {[%emt 0:00:24]} Qb6 {[%emt 0:01:48]} 11. O-O {[%emt 0:00:40]} Bxf3 {[%emt 0:00:37]} 12. Qxf3 {[%emt 0:00:26]} Qxd4 {[%emt 0:00:09]} 13. Be3 {[%emt 0:01:05]} Qb4 {[%emt 0:02:42]} 14. Rab1 {[%emt 0:00:30]} Be7 {[%emt 0:01:02]} 15. a3 {[%emt 0:00:19]} Qa5 {[%emt 0:00:12]} 16. Bd2 {[%emt 0:00:53]} Qc7 {[%emt 0:00:23]} 17. b4 {[%emt 0:00:37]} O-O {[%emt 0:00:22]} 18. Qe2 {[%emt 0:02:15]} Rfd8 {[%emt 0:03:44]} 19. f4 {[%emt 0:00:19]} Bf8 {[%emt 0:03:53]} 20. g4 {[%emt 0:00:26]} Rac8 {[%emt 0:05:46]} 21. g5 {[%emt 0:00:17]} Nd5 {[%emt 0:00:44]} 22. Ne4 {[%emt 0:00:18]} c5 {[%emt 0:00:57]} 23. c4 {[%emt 0:01:03]} Ne7 {[%emt 0:04:16]} 24. Ng3 {[%emt 0:03:27]} cxb4 {[%emt 0:02:00]} 25. axb4 {[%emt 0:00:24]} Nb6 {[%emt 0:00:54]} 26. c5 {[%emt 0:01:21]} Nbd5 {[%emt 0:00:26]} 27. Qf3 {[%emt 0:00:25]} a5 {[%emt 0:02:03]} 28. f5 {[%emt 0:00:47]} exf5 {[%emt 0:03:37]} 29. Nxf5 {[%emt 0:01:48]} Ng6 {[%emt 0:01:53]} 30. Be4 {[%emt 0:05:54]} Nxb4 {[%emt 0:02:00]} 31. Be3 {[%emt 0:05:08]} Bxc5 {[%emt 0:01:53]} 32. Bxb7 {[%emt 0:00:18]} Bxe3+ {[%emt 0:01:26]} 33. Nxe3 {[%emt 0:00:23]} Rb8 {[%emt 0:00:28]} 34. Be4 {[%emt 0:00:13]} Qe7 {[%emt 0:03:22]} 35. Ng2 {[%emt 0:02:34]} Rd4 {[%emt 0:01:37]} 36. Rbe1 {[%emt 0:00:34]} Qa7 {[%emt 0:00:12]} 37. Kh1 {[%emt 0:00:23]} Rd7 {[%emt 0:03:51]} 38. h4 {[%emt 0:00:15]} Ne5 {[%emt 0:01:54]} 39. Qf5 {[%emt 0:00:22]} Ng6 {[%emt 0:04:00]} 40. h5 {[%emt 0:00:10]} Nf8 {[%emt 0:00:02]} 41. h6 {[%emt 0:31:24]} g6 {[%emt 0:34:55]} 42. Qf6 {[%emt 0:01:05]} Qd4 {[%emt 0:00:27]} 43. Qf4 {[%emt 0:00:37]} Rbd8 {[%emt 0:00:30]} 44. Ne3 {[%emt 0:01:07]} Ne6 {[%emt 0:00:14]} 45. Qg4 {[%emt 0:02:05]} Nxg5 {[%emt 0:00:40]} 46. Qxg5 {[%emt 0:00:29]} Qxe4+ {[%emt 0:00:02]} 47. Ng2 {[%emt 0:00:09]} Qd3 {[%emt 0:03:12]} 48. Qf6 {[%emt 0:01:19]} Qh3+ {[%emt 0:00:22]} 49. Kg1 {[%emt 0:00:06]} Qxh6 {[%emt 0:00:11]} 50. Qb6 {[%emt 0:01:10]} Qg5 {[%emt 0:00:58]} 51. Re2 {[%emt 0:01:38]} Qd5 {[%emt 0:01:00]} 52. Ref2 {[%emt 0:00:30]} Nd3 {[%emt 0:00:56]} 53. Ne3 {[%emt 0:00:39]} Qc5 {[%emt 0:00:49]} 54. Qxc5 {[%emt 0:01:26]} Nxc5 {[%emt 0:00:03]} 55. Ng4 {[%emt 1:05:13]} Kg7 {[%emt 0:07:13]} 56. Ne5 {[%emt 0:00:00]} Rc7 {[%emt 0:02:15]} 57. Rxf7+ {[%emt 0:00:00]} Rxf7 {[%emt 0:00:02]} 58. Rxf7+ {[%emt 0:00:00]} Kg8 {[%emt 0:00:26]} 59. Ra7 {[%emt 0:00:00]} a4 {[%emt 0:00:36]} 60. Ng4 {[%emt 0:00:00]} h5 {[%emt 0:00:33]} 61. Nf6+ {[%emt 0:00:00]} Kf8 {[%emt 0:00:24]} 62. Nh7+ {[%emt 0:00:00]} Kg8 {[%emt 0:00:49]} 63. Nf6+ {[%emt 0:00:00]} Kf8 {[%emt 0:00:24]} 64. Nh7+ {[%emt 0:00:00]} 1/2-1/2

[Event "FIN-ch Seniors 65 2020"]
[Site "Helsinki"]
[Date "2020.09.26"]
[Round "5.5"]
[White "Saharinen, Petri"]
[Black "Ruotanen, Helge"]
[Result "0-1"]
[WhiteElo "1720"]
[BlackElo "1946"]
[Annotator "ChessBase"]
[PlyCount "86"]
[EventDate "2020.09.24"]
[EventType "swiss"]
[EventCountry "FIN"]
[SourceTitle "playchess.com"]
[Source "ChessBase"]
[SourceQuality "1"]
[TimeControl "40/5400+30:1800+30"]

1. d4 {[%emt 0:00:00]} g6 {[%emt 0:00:11]} 2. c4 {[%emt 0:00:00]} Bg7 {[%emt 0:00:09]} 3. Nc3 {[%emt 0:00:04]} d6 {[%emt 0:00:10]} 4. e4 {[%emt 0:00:16]} Nc6 {[%emt 0:00:12]} 5. Be3 {[%emt 0:00:34]} e5 {[%emt 0:02:43]} 6. d5 {[%emt 0:00:42]} Nce7 {[%emt 0:01:48]} 7. Bd3 {[%emt 0:02:36]} f5 {[%emt 0:00:13]} 8. Bg5 {[%emt 0:00:58]} Bf6 {[%emt 0:07:03]} 9. Nf3 {[%emt 0:03:16]} h6 {[%emt 0:01:21]} 10. Bd2 {[%emt 0:02:24]} fxe4 {[%emt 0:01:27]} 11. Nxe4 {[%emt 0:00:19]} Bf5 {[%emt 0:00:13]} 12. Nxf6+ {[%emt 0:01:27]} Nxf6 {[%emt 0:00:02]} 13. Bxf5 {[%emt 0:00:23]} Nxf5 {[%emt 0:01:01]} 14. Bc3 {[%emt 0:01:07]} O-O {[%emt 0:00:44]} 15. O-O {[%emt 0:01:57]} Rf7 {[%emt 0:00:24]} 16. h3 {[%emt 0:01:33]} Ne4 {[%emt 0:01:01]} 17. Qc2 {[%emt 0:00:37]} Nxc3 {[%emt 0:00:13]} 18. bxc3 {[%emt 0:00:55]} Kh7 {[%emt 0:00:28]} 19. Rae1 {[%emt 0:00:44]} Qe7 {[%emt 0:00:54]} 20. Re4 {[%emt 0:03:10]} b6 {[%emt 0:02:14]} 21. a4 {[%emt 0:00:48]} a5 {[%emt 0:00:04]} 22. Qd2 {[%emt 0:04:48]} Ng7 {[%emt 0:02:22]} 23. Nh2 {[%emt 0:09:58]} Nh5 {[%emt 0:00:42]} 24. g3 {[%emt 0:10:49]} Nf6 {[%emt 0:00:00]} 25. Rh4 {[%emt 0:01:00]} Ng8 {[%emt 0:02:07]} 26. Qe3 {[%emt 0:02:23]} g5 {[%emt 0:00:56]} 27. Qd3+ {[%emt 0:01:14]} Kg7 {[%emt 0:00:07]} 28. Re4 {[%emt 0:00:40]} Nf6 {[%emt 0:00:17]} 29. Ree1 {[%emt 0:49:48]} Nd7 {[%emt 1:15:24]} 30. Ng4 {[%emt 0:00:00]} Nc5 {[%emt 0:00:00]} 31. Qc2 {[%emt 0:00:00]} Qd7 {[%emt 0:00:00]} 32. f4 {[%emt 0:00:00]} h5 {[%emt 0:00:00]} 33. Ne3 {[%emt 0:00:00]} Qxh3 {[%emt 0:00:00]} 34. Qh2 {[%emt 0:00:00]} Qxh2+ {[%emt 0:00:00]} 35. Kxh2 {[%emt 0:00:00]} exf4 {[%emt 0:00:00]} 36. gxf4 {[%emt 0:00:00]} Nd3 {[%emt 0:00:00]} 37. Rd1 {[%emt 0:00:00]} Nxf4 {[%emt 0:00:00]} 38. Nc2 {[%emt 0:00:00]} Re8 {[%emt 0:00:00]} 39. Nd4 {[%emt 0:00:00]} Re3 {[%emt 0:00:00]} 40. Ne6+ {[%emt 0:00:00]} Nxe6 {[%emt 0:00:00]} 41. Rxf7+ {[%emt 0:11:49]} Kxf7 {[%emt 0:00:00]} 42. dxe6+ {[%emt 0:00:04]} Kxe6 {[%emt 0:00:00]} 43. Rd5 {[%emt 0:00:04]} Re5 {[%emt 0:00:00]} 0-1

[Event "FIN-ch Seniors 65 2020"]
[Site "Helsinki"]
[Date "2020.09.27"]
[Round "6.1"]
[White "Ruotanen, Helge"]
[Black "Auvinen, Esa"]
[Result "1/2-1/2"]
[WhiteElo "1946"]
[BlackElo "1809"]
[Annotator "ChessBase"]
[PlyCount "26"]
[EventDate "2020.09.24"]
[EventType "swiss"]
[EventCountry "FIN"]
[SourceTitle "playchess.com"]
[Source "ChessBase"]
[SourceQuality "1"]
[TimeControl "40/5400+30:1800+30"]

1. g3 {[%emt 0:00:00]} d5 {[%emt 0:00:00]} 2. d3 {[%emt 0:00:00]} c5 {[%emt 0:00:00]} 3. Bg2 {[%emt 0:00:00]} e5 {[%emt 0:00:00]} 4. Nc3 {[%emt 0:00:00]} Be6 {[%emt 0:00:00]} 5. e4 {[%emt 0:00:45]} d4 {[%emt 0:02:02]} 6. Nce2 {[%emt 0:00:07]} Bd6 {[%emt 0:02:09]} 7. f4 {[%emt 0:01:28]} exf4 {[%emt 0:01:01]} 8. Nxf4 {[%emt 0:00:21]} Bxf4 {[%emt 0:00:25]} 9. Bxf4 {[%emt 0:00:09]} Nc6 {[%emt 0:00:19]} 10. Nf3 {[%emt 0:00:32]} Nf6 {[%emt 0:03:44]} 11. O-O {[%emt 0:01:02]} O-O {[%emt 0:00:15]} 12. c4 {[%emt 0:03:19]} Nd7 {[%emt 0:04:27]} 13. Rf2 {[%emt 0:08:51]} f6 {[%emt 1:22:08]} 1/2-1/2

[Event "FIN-ch Seniors 65 2020"]
[Site "Helsinki"]
[Date "2020.09.27"]
[Round "6.2"]
[White "Karppinen, Martti"]
[Black "Koskinen, Hannu E."]
[Result "1/2-1/2"]
[WhiteElo "1878"]
[BlackElo "1753"]
[Annotator "NA"]
[PlyCount "84"]
[EventDate "2020.09.24"]
[EventType "swiss"]
[EventCountry "FIN"]
[SourceTitle "playchess.com"]
[Source "ChessBase"]
[SourceQuality "1"]
[TimeControl "40/5400+30:1800+30"]

1. d4 {[%emt 0:05:50]} Nf6 {[%emt 0:00:00]} 2. c4 {[%emt 0:00:21]} g6 {[%emt 0:00:00]} 3. g3 {[%emt 0:00:42]} Bg7 {[%emt 0:00:00]} 4. Bg2 {[%emt 0:00:15]} d6 {[%emt 0:00:15]} 5. Nc3 {[%emt 0:03:57]} O-O {[%emt 0:00:07]} 6. e4 {[%emt 0:01:17]} Nbd7 {[%emt 0:00:14]} 7. Be3 {[%emt 0:01:52]} e5 {[%emt 0:04:48]} 8. Nge2 {[%emt 0:04:43]} Ng4 {[%emt 0:07:36]} 9. Qd2 {[%emt 0:09:00]} Nxe3 {[%emt 0:06:25]} 10. Qxe3 {[%emt 0:02:50]} exd4 {[%emt 0:07:10]} 11. Nxd4 {[%emt 0:01:48]} Ne5 {[%emt 0:01:37]} 12. Qe2 {[%emt 0:06:27]} c6 {[%emt 0:02:34]} 13. O-O {[%emt 0:05:26]} Qf6 {[%emt 0:14:11]} 14. Rad1 {[%emt 0:05:41]} Be6 {[%emt 0:14:45]} 15. Nxe6 {[%emt 0:03:43]} Qxe6 {[%emt 0:00:15]} 16. b3 {[%emt 0:24:50]} Rad8 {[%emt 0:16:47]} 17. Qc2 {[%emt 0:03:43]} Nd7 {[%emt 0:06:48]} 18. Ne2 {[%emt 0:01:07]} Nb6 {[%emt 0:02:12]} 19. Nf4 {[%emt 0:01:42]} Qf6 {[%emt 0:01:50]} 20. Nd3 {[%emt 0:02:05]} Nd7 {[%emt 0:03:29]} 21. f4 {[%emt 0:00:46]} Rfe8 {[%emt 0:01:39]} 22. Nf2 {[%emt 0:04:50]} Nb6 {[%emt 0:01:20]} 23. Ng4 {[%emt 0:00:46]} Qb2 {[%emt 0:01:48]} 24. Qxb2 {[%emt 0:00:28]} Bxb2 {[%emt 0:00:14]} 25. e5 {[%emt 0:00:48]} Kg7 {[%emt 0:02:58]} 26. exd6 {[%emt 0:02:51]} Ba3 {[%emt 0:00:26]} 27. Rd3 {[%emt 0:03:05]} Rxd6 {[%emt 0:00:32]} 28. Rxd6 {[%emt 0:00:18]} Bxd6 {[%emt 0:00:07]} 29. Rd1 {[%emt 0:00:12]} Bc5+ {[%emt 0:00:07]} 30. Kf1 {[%emt 0:00:25]} Re7 {[%emt 0:00:56]} 31. Ne5 {[%emt 0:00:16]} f6 {[%emt 0:00:25]} 32. Nd3 {[%emt 0:00:49]} Ba3 {[%emt 0:01:36]} 33. Bf3 {[%emt 0:00:20]} a5 {[%emt 0:00:15]} 34. Nf2 {[%emt 0:00:37]} Rd7 {[%emt 0:00:36]} 35. Rxd7+ {[%emt 0:00:51]} Nxd7 {[%emt 0:00:02]} 36. Ne4 {[%emt 0:00:30]} f5 {[%emt 0:00:45]} 37. Ng5 {[%emt 0:00:36]} Nc5 {[%emt 0:00:30]} 38. g4 {[%emt 0:01:00]} h6 {[%emt 0:00:25]} 39. Nh3 {[%emt 0:00:09]} Nd3 {[%emt 0:00:54]} 40. gxf5 {[%emt 0:00:26]} gxf5 {[%emt 0:00:07]} 41. Bd1 {[%emt 0:32:09]} Nc1 {[%emt 0:33:45]} 42. Bc2 {[%emt 0:01:29]} Kf6 {[%emt 0:00:30]} 1/2-1/2

[Event "FIN-ch Seniors 65 2020"]
[Site "Helsinki"]
[Date "2020.09.27"]
[Round "6.3"]
[White "Virtanen, Esko"]
[Black "Patola, Eero"]
[Result "1/2-1/2"]
[WhiteElo "1739"]
[BlackElo "1826"]
[Annotator "NA"]
[PlyCount "105"]
[EventDate "2020.09.24"]
[EventType "swiss"]
[EventCountry "FIN"]
[SourceTitle "playchess.com"]
[Source "ChessBase"]
[SourceQuality "1"]
[TimeControl "40/5400+30:1800+30"]

1. Nf3 {[%emt 1:30:30]} f5 {[%emt 0:08:18]} 2. d4 {[%emt 0:00:00]} Nf6 {[%emt 0:00:12]} 3. c4 {[%emt 0:00:00]} g6 {[%emt 0:00:09]} 4. Nc3 {[%emt 0:00:00]} Bg7 {[%emt 0:00:11]} 5. e3 {[%emt 0:00:00]} d6 {[%emt 0:01:05]} 6. Qc2 {[%emt 0:00:00]} O-O {[%emt 0:00:27]} 7. Be2 {[%emt 0:00:00]} Na6 {[%emt 0:01:04]} 8. a3 {[%emt 0:00:00]} c5 {[%emt 0:00:21]} 9. d5 {[%emt 0:00:00]} Nc7 {[%emt 0:00:44]} 10. b4 {[%emt 0:00:00]} cxb4 {[%emt 0:01:32]} 11. axb4 {[%emt 0:00:00]} a6 {[%emt 0:02:04]} 12. O-O {[%emt 0:00:00]} Bd7 {[%emt 0:00:21]} 13. Rd1 {[%emt 0:00:00]} Qe8 {[%emt 0:00:38]} 14. Bb2 {[%emt 0:00:00]} h6 {[%emt 0:00:28]} 15. h3 {[%emt 0:00:00]} Qf7 {[%emt 0:00:31]} 16. Ra2 {[%emt 0:00:00]} Rac8 {[%emt 0:02:22]} 17. Qb3 {[%emt 0:00:00]} Ne4 {[%emt 0:03:29]} 18. Na4 {[%emt 0:00:00]} Bxb2 {[%emt 0:02:07]} 19. Rxb2 {[%emt 0:00:00]} Bxa4 {[%emt 0:00:44]} 20. Qxa4 {[%emt 0:00:00]} Nc3 {[%emt 0:00:18]} 21. Qa1 {[%emt 0:00:00]} Nxd1 {[%emt 0:01:06]} 22. Qxd1 {[%emt 0:00:00]} Qf6 {[%emt 0:02:30]} 23. Rc2 {[%emt 0:00:00]} g5 {[%emt 0:09:49]} 24. Nd4 {[%emt 0:00:00]} Kg7 {[%emt 0:05:15]} 25. Bd3 {[%emt 0:00:00]} f4 {[%emt 0:02:06]} 26. Nf5+ {[%emt 0:00:00]} Kh8 {[%emt 0:01:13]} 27. Qh5 {[%emt 0:00:00]} fxe3 {[%emt 0:01:25]} 28. f3 {[%emt 0:00:00]} Qa1+ {[%emt 0:01:05]} 29. Kh2 {[%emt 0:00:00]} Qe5+ {[%emt 0:00:28]} 30. g3 {[%emt 0:00:00]} Rf6 {[%emt 0:04:31]} 31. Nxh6 {[%emt 0:00:00]} Kg7 {[%emt 0:05:59]} 32. Ng4 {[%emt 0:00:00]} Rh8 {[%emt 0:00:26]} 33. Nxe5 {[%emt 0:00:00]} Rxh5 {[%emt 0:01:08]} 34. Ng4 {[%emt 0:00:00]} Rxf3 {[%emt 0:02:07]} 35. Re2 {[%emt 0:00:00]} e5 {[%emt 0:04:39]} 36. Nxe3 {[%emt 0:00:00]} g4 {[%emt 0:04:11]} 37. h4 {[%emt 0:00:00]} Ne8 {[%emt 0:05:57]} 38. Be4 {[%emt 0:00:00]} Rf8 {[%emt 0:02:40]} 39. Nxg4 {[%emt 0:00:00]} Nf6 {[%emt 0:01:00]} 40. Nxf6 {[%emt 0:00:00]} Rxf6 {[%emt 0:00:07]} 41. Kg2 {[%emt 0:00:00]} Rh8 {[%emt 0:31:30]} 42. c5 {[%emt 0:00:00]} Rb8 {[%emt 0:02:33]} 43. Bf3 {[%emt 0:00:00]} dxc5 {[%emt 0:02:54]} 44. bxc5 {[%emt 0:00:00]} Rc8 {[%emt 0:02:07]} 45. c6 {[%emt 0:00:00]} bxc6 {[%emt 0:01:53]} 46. dxc6 {[%emt 0:00:00]} Rcf8 {[%emt 0:03:50]} 47. c7 {[%emt 0:00:00]} Rxf3 {[%emt 0:04:59]} 48. c8=Q {[%emt 0:00:00]} Rxg3+ {[%emt 0:00:40]} 49. Kxg3 {[%emt 0:00:00]} Rxc8 {[%emt 0:00:21]} 50. Rxe5 {[%emt 0:00:00]} Rc3+ {[%emt 0:01:29]} 51. Kg4 {[%emt 0:00:00]} Ra3 {[%emt 0:01:31]} 52. Kg5 {[%emt 0:00:00]} Rg3+ {[%emt 0:03:19]} 53. Kf4 {[%emt 0:00:00]} 1/2-1/2

[Event "FIN-ch Seniors 65 2020"]
[Site "Helsinki"]
[Date "2020.09.27"]
[Round "6.4"]
[White "Terasalo, Kari"]
[Black "Jarnstrom, Henrik"]
[Result "1-0"]
[WhiteElo "1782"]
[BlackElo "1696"]
[Annotator "NA"]
[PlyCount "63"]
[EventDate "2020.09.24"]
[EventType "swiss"]
[EventCountry "FIN"]
[SourceTitle "playchess.com"]
[Source "ChessBase"]
[SourceQuality "1"]
[TimeControl "40/5400+30:1800+30"]

1. e4 {[%emt 0:01:48]} Nf6 {[%emt 0:00:00]} 2. Nc3 {[%emt 0:00:17]} d5 {[%emt 0:00:00]} 3. e5 {[%emt 0:02:04]} Ne4 {[%emt 0:00:00]} 4. d4 {[%emt 0:02:44]} Nxc3 {[%emt 0:00:04]} 5. bxc3 {[%emt 0:00:06]} Bf5 {[%emt 0:00:57]} 6. Nf3 {[%emt 0:00:50]} e6 {[%emt 0:01:27]} 7. Bb5+ {[%emt 0:01:12]} c6 {[%emt 0:00:15]} 8. Bd3 {[%emt 0:00:20]} Bxd3 {[%emt 0:01:34]} 9. cxd3 {[%emt 0:01:17]} Be7 {[%emt 0:00:43]} 10. O-O {[%emt 0:02:41]} Nd7 {[%emt 0:00:42]} 11. Bd2 {[%emt 0:01:55]} g5 {[%emt 0:02:08]} 12. Ne1 {[%emt 0:05:47]} h5 {[%emt 0:01:05]} 13. f4 {[%emt 0:00:48]} g4 {[%emt 0:01:06]} 14. f5 {[%emt 0:03:50]} exf5 {[%emt 0:00:18]} 15. Rxf5 {[%emt 0:00:04]} Nb6 {[%emt 0:00:19]} 16. Qe2 {[%emt 0:03:51]} Qd7 {[%emt 0:01:34]} 17. e6 {[%emt 0:02:58]} fxe6 {[%emt 0:02:18]} 18. Re5 {[%emt 0:00:10]} O-O-O {[%emt 0:00:23]} 19. Rxe6 {[%emt 0:02:37]} Bd6 {[%emt 0:01:16]} 20. Nc2 {[%emt 0:03:14]} Rdg8 {[%emt 0:00:33]} 21. Rf1 {[%emt 0:05:20]} Qc7 {[%emt 0:01:06]} 22. g3 {[%emt 0:01:55]} Nd7 {[%emt 0:00:37]} 23. Bf4 {[%emt 0:02:53]} Bxf4 {[%emt 0:00:32]} 24. Rxf4 {[%emt 0:00:19]} b6 {[%emt 0:01:31]} 25. Nb4 {[%emt 0:02:11]} Nb8 {[%emt 0:02:03]} 26. Re7 {[%emt 0:03:01]} Qd6 {[%emt 0:01:21]} 27. Rff7 {[%emt 0:03:51]} a5 {[%emt 0:01:33]} 28. Re6 {[%emt 0:01:19]} Qd8 {[%emt 0:01:38]} 29. Nxc6 {[%emt 0:00:53]} Nxc6 {[%emt 0:00:29]} 30. Rxc6+ {[%emt 0:00:21]} Kb8 {[%emt 0:00:04]} 31. Qe5+ {[%emt 0:00:36]} Ka8 {[%emt 0:00:14]} 32. Rcc7 {[%emt 0:01:08]} 1-0